Header

Territorio y producción : (Registro nro. 53378)

Detalles MARC
000 -LEADER
campo de control de longitud fija 02278nam a2200421 a 4500
001 - NÚMERO DE CONTROL
campo de control 53378
003 - IDENTIFICADOR DE NÚMERO DE CONTROL
campo de control AR-BaAGN
005 - FECHA Y HORA DE LA ÚLTIMA TRANSACCIÓN
campo de control 20250702151837.0
007 - CAMPO FIJO DE DESCRIPCIÓN FÍSICA--INFORMACIÓN GENERAL
campo de control de longitud fija ta
008 - DATOS DE LONGITUD FIJA--INFORMACIÓN GENERAL
campo de control de longitud fija s1991 ag ||||| |||| ||| ||spa d
040 ## - FUENTE DE CATALOGACIÓN
Centro catalogador/agencia de origen AR-BaAGN
Lengua de catalogación español
Normas de descripción aacr
942 ## - ELEMENTOS DE ENTRADA SECUNDARIOS (KOHA)
Tipo de ítem Koha Folleto
Prefijo de la signatura AGN
100 1# - ENTRADA PRINCIPAL--NOMBRE DE PERSONA
Nombre de persona Bozzano, Horacio Rodolfo,
ID autoridades 9270
110 1# - ENTRADA PRINCIPAL--NOMBRE DE ENTIDAD CORPORATIVA
Nombre de entidad corporativa o nombre de jurisdicción como elemento de entrada Universidad Nacional de La Plata.
Unidad subordinada Facultad de Humanidades y Ciencias de la Educación
ID autoridades 4801
245 10 - MENCIÓN DEL TÍTULO
Título Territorio y producción :
Resto del título casos en la región metropolitana de Buenos Aires.
260 ## - PUBLICACIÓN, DISTRIBUCIÓN, ETC.
Lugar de publicación, distribución, etc. La Plata :
Nombre del editor, distribuidor, etc. Facultad de Humanidades y Ciencias de la Educación (UNLP),
Fecha de publicación, distribución, etc. 1991.
300 ## - DESCRIPCIÓN FÍSICA
Extensión 85 páginas :
Otras características físicas ilustraciones, plano ;
Dimensiones 23 cm.
336 ## - TIPO DE CONTENIDO
Fuente rdacontent
Código de tipo de contenido texto
337 ## - TIPO DE MEDIO
Fuente rdamedia
Código del tipo de medio no mediado
338 ## - TIPO DE SOPORTE
Fuente rdacarrier
Código del tipo de soporte volumen
490 ## - MENCIÓN DE SERIE
Mención de serie Estudios e Investigaciones ;
Designación de volumen o secuencia 10, año 1991
505 0# - NOTA DE CONTENIDO CON FORMATO
Nota de contenido con formato Mutaciones productivas y transformaciones territoriales : El caso del Polo Petroquímico de Ensenada y del suburbio degradado de Villa Montoro en la Región Metropolitana / Horacio Bozzano -- El mercado de tierra urbana en el Gran La Plata / María Alejandra González, María Gabriela Peirano -- La industria del calzado de cuero en la Región Metropolitana / Susana Buscazzo, Nidia Tadeo, Marcela Fedele -- Agricultura en espacios periurbanos : Aspectos de la floricultura en el Sureste de la Región Metropolitana de Buenos Aires / Nidia Tadeo, Marcela Fedele, Elizabeth Niz.
520 3# - RESUMEN, ETC.
Sumario, etc. Loa trabajos que se presentan en esta obra forman parte de algunos proyectos de investigación desarrollados en el Departamento de Geografía de la Facultad de Humanidades y Ciencias dela Educación de la Universidad Nacional de La Plata.
650 #4 - PUNTO DE ACCESO ADICIONAL DE MATERIA--TÉRMINO DE MATERIA
Término de materia o nombre geográfico como elemento de entrada SOCIOLOGÍA
ID autoridades 1987
650 #4 - PUNTO DE ACCESO ADICIONAL DE MATERIA--TÉRMINO DE MATERIA
Término de materia o nombre geográfico como elemento de entrada URBANIZACIÓN
ID autoridades 2013
650 #4 - PUNTO DE ACCESO ADICIONAL DE MATERIA--TÉRMINO DE MATERIA
Término de materia o nombre geográfico como elemento de entrada MEDIO URBANO
ID autoridades 2142
650 #4 - PUNTO DE ACCESO ADICIONAL DE MATERIA--TÉRMINO DE MATERIA
Término de materia o nombre geográfico como elemento de entrada PLANIFICACIÓN URBANA
ID autoridades 2161
650 #4 - PUNTO DE ACCESO ADICIONAL DE MATERIA--TÉRMINO DE MATERIA
Término de materia o nombre geográfico como elemento de entrada PRODUCCIÓN
ID autoridades 1933
650 #4 - PUNTO DE ACCESO ADICIONAL DE MATERIA--TÉRMINO DE MATERIA
Término de materia o nombre geográfico como elemento de entrada INDUSTRIA
ID autoridades 1527
650 #4 - PUNTO DE ACCESO ADICIONAL DE MATERIA--TÉRMINO DE MATERIA
Término de materia o nombre geográfico como elemento de entrada AGRICULTURA
ID autoridades 1551
650 #4 - PUNTO DE ACCESO ADICIONAL DE MATERIA--TÉRMINO DE MATERIA
Término de materia o nombre geográfico como elemento de entrada TENENCIA DE LA TIERRA
ID autoridades 1994
651 #4 - PUNTO DE ACCESO ADICIONAL DE MATERIA--NOMBRE GEOGRÁFICO
Nombre geográfico Ensenada (Buenos Aires [Provincia])
ID autoridades 3725
651 #4 - PUNTO DE ACCESO ADICIONAL DE MATERIA--NOMBRE GEOGRÁFICO
Nombre geográfico La Plata (Buenos Aires [Provincia])
ID autoridades 5111
700 1# - ENTRADA AGREGADA--NOMBRE PERSONAL
Nombre de persona Tadeo, Nidia Silvia,
ID autoridades 9271
700 1# - ENTRADA AGREGADA--NOMBRE PERSONAL
Nombre de persona Fedele, Marcela,
ID autoridades 9272
856 4# - LOCALIZACIÓN Y ACCESO ELECTRÓNICOS
Identificador Uniforme de Recursos <a href="https://www.memoria.fahce.unlp.edu.ar/libros/pm.114/pm.114.pdf">https://www.memoria.fahce.unlp.edu.ar/libros/pm.114/pm.114.pdf</a>
Nota pública Obra en pdf
Existencias
Estado de retiro Estado de pérdida Fuente del sistema de clasificación o colocación Estado de conservación Biblioteca actual Ubicación en estantería Signatura topográfica completa Código de barras Tipo de ítem Koha
    Clasificación Decimal Dewey   Biblioteca del Archivo General de la Nación AGN - Folletos AGN.f.A 2656 AGN.f.A-2656 Folleto

Contacto

Dirección: Av. Leandro Alem 246, 3er piso (CABA).
Código postal: C1003AAP
Teléfono: 2206-0013
Correo electrónico: comunicacionagn@mininterior.gob.ar
Sitio Web: www.argentina.gob.ar/interior/archivo-general-de-la-nacion

AGN en las redes sociales

Facebook  /  Twitter  /  Instagram